Znečistenie lesných porastov automobilovou dopravou v oblasti Vysokých Tatier

Bibliographic Details
Main Authors: Chudíková, Oľga (Author), Maňkovská, Blanka, 1942- (Author)
Format: Article
Language:Slovak
PhysicalDescription:Obr. 3. Tb. 1. Grafy 3.
Subjects:

MARC

LEADER 00000nab a2200000 a 4500
001 vtls000034846
003 SK-MaSNL
005 20260304172512.0
008 250526c1979 xo 0 slo
015 |a SNBRB19rr/mm-uuuuu 
035 |a CL0044941 
035 |a urn:nbn:sk:snk-ab2c0k 
035 |a (urnnbn)urn:nbn:sk:snk:ar-a023wl 
035 |a (uuid)fe288e03-b655-42bf-8330-4535204478ff 
040 |a SNKBUCL  |b slo  |c SNKBUCL  |e AACR2 
041 0 |a slo 
044 |a xo  |c SK 
080 |a 634.0.4  |2 1981 
100 1 |a Chudíková, Oľga  |4 aut  |9 1001023 
245 1 0 |a Znečistenie lesných porastov automobilovou dopravou v oblasti Vysokých Tatier  |c Oľga Chudíková, Blanka Maňkovská 
300 |b Obr. 3. Tb. 1. Grafy 3. 
650 0 7 |a lesy  |2 snkbucl  |9 1437 
650 0 7 |a automobilové imisie  |2 snkbucl  |9 1501946 
651 7 |a Vysoké Tatry (Poľsko a Slovensko : pohorie)  |2 snkbucl  |9 67729 
655 7 |a články z novín a časopisov  |2 snkbucl  |9 267496 
700 1 |a Maňkovská, Blanka,  |d 1942-  |4 aut  |9 97613 
773 0 |t Les  |g Roč. 35, č. 7 (1979), s. 318-321 
850 |a Slovenská národná knižnica 
852 |a Slovenská národná knižnica 
954 |a odborná, vedecká literatúra pôvodná (slovenská)  |2 lita 
958 |a ONDV 
958 |a article2022 
958 |a RK 
992 |a RBX 
999 |c 2998869  |d 3000799